00625nam a2200205Ia 4500003000400000005001700004008004100021020001500062040001800077041000800095082002100103100002100124245007900145250001200224260004200236300003100278650003600309650003500345650003900380OSt20251212092933.0210716s2002 xx 000 0 und d a8177220381 cAIMIT LIBRARY aeng a006.37 21bHOLS aHolzner, Steven. aVisual basic 6 programming: black book /bblack book /cBy Steven Holzner. a1st ed. aNew Delhi :bDreamtech Press ,c2002. axxix,1095p. ;bPBc24.5 cm aData types and data declaration aOperations and string handling aProgramming more advanced controls